Statystyki dla 15 krajów o największej liczbie zgonów Covid19 - 23 lipca

Kliknij tutaj aby rozwiązać quiz!

Ogólne statystyki

  • Ten quiz został rozwiązany 20 razy
  • Średni wynik to 11 z 20

Statystyki odpowiedzi

kraj% Poprawnych
Brazylia
89%
Stany Zjednoczone
89%
Kanada
83%
Rosja
83%
Niemcy
78%
Wielka Brytania
78%
Indie
72%
Francja
67%
Hiszpania
67%
Włochy
61%
Meksyk
56%
Peru
56%
Szwecja
56%
Chile
44%
Iran
44%
Belgia
33%
Irlandia
33%
Ekwador
22%
Holandia
22%
Panama
11%

Rozkład punktacji

Percentyl według liczby udzielonych odpowiedzi

Procent ludzi z każdym wynikiem

Twoja historia wyników

Nie rozwiązałeś tego quizu